Central Library OPAC University of Rajshahi

The administration of marketing and selling / (Record no. 15866)

MARC details
000 -LEADER
fixed length control field 00788nam a2200277 a 4500
001 - CONTROL NUMBER
control field 15866
003 - CONTROL NUMBER IDENTIFIER
rucl marc code BD-RjUL
005 - DATE AND TIME OF LATEST TRANSACTION
control field 20211208235912.0
008 - FIXED-LENGTH DATA ELEMENTS--GENERAL INFORMATION
fixed length control field 140211r19611958enk 001 0 eng d
035 ## - SYSTEM CONTROL NUMBER
System control number (BD-RjUL)15921
040 ## - CATALOGING SOURCE
Original cataloging agency DLC
Transcribing agency CarP
Modifying agency DLC
-- BD-RjUL
Language of cataloging eng
041 ## - LANGUAGE CODE
Language code of text/sound track or separate title eng
082 00 - DEWEY DECIMAL CLASSIFICATION NUMBER
Edition number 22
Classification number 658.85
Author mark and year WHA 1961
100 1# - MAIN ENTRY--PERSONAL NAME
Personal name Whitehead, Harold,
Dates associated with a name 1880-
9 (RLIN) 49204
245 14 - TITLE STATEMENT
Title The administration of marketing and selling /
Statement of responsibility, etc. Whitehead Harold.
250 ## - EDITION STATEMENT
Edition statement 2d ed.
260 ## - PUBLICATION, DISTRIBUTION, ETC. (IMPRINT)
Place of publication, distribution, etc. London:
Name of publisher, distributor, etc. Pitman,
Date of publication, distribution, etc. 1956 [reprinted 1958,1961]
300 ## - PHYSICAL DESCRIPTION
Pagination 253p. ;
Size 21cm.
504 ## - BIBLIOGRAPHY, ETC. NOTE
Bibliography, etc Includes Index
650 #0 - SUBJECT ADDED ENTRY--TOPICAL TERM
Topical term or geographic name as entry element Selling.
9 (RLIN) 49205
Topical term or geographic name as entry element Marketing.
9 (RLIN) 49206
651 #0 - SUBJECT ADDED ENTRY--GEOGRAPHIC NAME
Geographic name Great Britain
General subdivision Commerce.
9 (RLIN) 49207
942 ## - ADDED ENTRY ELEMENTS (KOHA)
Source of classification or shelving scheme Dewey Decimal Classification
Koha item type Books
Holdings
Lost status Source of classification or shelving scheme Damaged status Not for loan Collection code Permanent Location Current Location Shelving location Date acquired Source of acquisition Cost, normal purchase price Total Checkouts Full call number Date last seen Copy number Koha item type
  Dewey Decimal Classification     Non-fiction Central Library, University of Rajshahi Central Library, University of Rajshahi   29/01/1963 Zeitlinger 25.00   658.85 WHA 1961 11/02/2014 C-3 Books
  Dewey Decimal Classification     Non-fiction Central Library, University of Rajshahi Central Library, University of Rajshahi   29/01/1963 Zeitlinger 25.00   658.85 WHA 1961 30/10/2019 C-2 Books
  Dewey Decimal Classification   Not For Loan Non-fiction Central Library, University of Rajshahi Central Library, University of Rajshahi Reading Room 18/12/1957 Pak. A. Commercial 18.20   658.85 WHA 1956 30/10/2019 C-1 Books
  Dewey Decimal Classification     Non-fiction Central Library, University of Rajshahi Central Library, University of Rajshahi   17/11/1958 Colombo Plan     658.85 WHA 1958 30/10/2019 C-4 Books